| 000 | 01103cam a22002775i 4500 | ||
|---|---|---|---|
| 003 | EG-ScBUE | ||
| 005 | 20260308093053.0 | ||
| 008 | 080709t2009 nyua frb 001 0 eng d | ||
| 020 | _a9780387848693 | ||
| 040 |
_aEG-ScBUE _beng _erda _cEG-ScBUE _dEG-ScBUE |
||
| 082 | 0 | 4 |
_a570.285 _bMAT _222 |
| 100 | 1 |
_aMathura, Venkatarajan Subramanian, _eauthor. |
|
| 245 | 1 | 0 |
_aBioinformatics : _ba concept-based introduction / _cVenkatarajan Subramanian Mathura, Ph.D., bioinformatics scientist, Roskamp Institute, Sarasota, Florida, USA, and Pandjassarame Kangueane, Ph.D., managing director, Biomed-Informatics, Pondicherry, India. |
| 264 | 1 |
_aNew York, NY : _bSpringer, _c[2009] |
|
| 264 | 4 | _cc2009 | |
| 300 |
_axviii, 184 pages : _billustrations ; _c24 cm |
||
| 336 |
_2rdacontent _atext _btxt |
||
| 337 |
_aunmediated _2rdamedia _bn |
||
| 338 |
_avolume _bnc _2rdacarrier |
||
| 504 | _aIncludes bibliographical references and index. | ||
| 650 | 7 |
_aBioinformatics. _2BUEsh _95545 |
|
| 653 |
_bCOMSCI _cJanuary2017 |
||
| 655 | _vReading book | ||
| 700 | 1 |
_aKangueane, Pandjassarame, _eauthor. |
|
| 942 |
_2ddc _cBB |
||
| 999 |
_c23838 _d23810 |
||